Los grandes conflictos sociales y económicos de nuestra Historia / (Registro nro. 5692)
[ vista simple ]
| 000 -LEADER | |
|---|---|
| fixed length control field | 01070nam a2200253Ia 4500 |
| 003 - CONTROL NUMBER IDENTIFIER | |
| control field | OSt |
| 005 - DATE AND TIME OF LATEST TRANSACTION | |
| control field | 20201013183157.0 |
| 008 - FIXED-LENGTH DATA ELEMENTS--GENERAL INFORMATION | |
| fixed length control field | 191128s1984 ck gq 000 0 spa d |
| 020 ## - INTERNATIONAL STANDARD BOOK NUMBER | |
| International Standard Book Number | 9586010007 |
| Qualifying information | colección |
| 020 ## - INTERNATIONAL STANDARD BOOK NUMBER | |
| International Standard Book Number | 9586010015 |
| 040 ## - CATALOGING SOURCE | |
| Original cataloging agency | CO-JMCR |
| Transcribing agency | CO-JMCR |
| 041 0# - LANGUAGE CODE | |
| Language code of text/sound track or separate title | spa |
| 082 04 - DEWEY DECIMAL CLASSIFICATION NUMBER | |
| Classification number | 986.1 / |
| Item number | L722g |
| Edition number | 23 |
| 100 1# - MAIN ENTRY--PERSONAL NAME | |
| Personal name | Lievano Aguirre, Indalecio, |
| Relator term | autor |
| 9 (RLIN) | 4099 |
| 245 14 - TITLE STATEMENT | |
| Title | Los grandes conflictos sociales y económicos de nuestra Historia / |
| Statement of responsibility, etc. | Indalecio Lievano Aguirre |
| 250 ## - EDITION STATEMENT | |
| Edition statement | Décima edición |
| 260 ## - PUBLICATION, DISTRIBUTION, ETC. | |
| Place of publication, distribution, etc. | Bogotá : |
| Name of publisher, distributor, etc. | Tercer Mundo, |
| Date of publication, distribution, etc. | 1984 |
| 300 ## - PHYSICAL DESCRIPTION | |
| Extent | 462 páginas ; |
| Dimensions | 20 cm. |
| 490 0# - SERIES STATEMENT | |
| Series statement | Manuales universitarios |
| 505 0# - FORMATTED CONTENTS NOTE | |
| Formatted contents note | La primera lucha por la justicia -- La controversia sobre las encomiendas -- La rebelión de los encomenderos -- La iglesia y los encomenderos -- La fronda sojuzgada -- Sobre el lomo de los conflictos -- La reforma agraria y la reforma tributaria de 1591 |
| 650 14 - SUBJECT ADDED ENTRY--TOPICAL TERM | |
| Topical term or geographic name entry element | Guerra de la Independencia |
| Chronological subdivision | 1810-1822 |
| Geographic subdivision | Colombia |
| 9 (RLIN) | 11465 |
| 650 14 - SUBJECT ADDED ENTRY--TOPICAL TERM | |
| Topical term or geographic name entry element | Condiciones económicas |
| General subdivision | historia |
| Geographic subdivision | Colombia |
| 9 (RLIN) | 7210 |
| 942 ## - ADDED ENTRY ELEMENTS (KOHA) | |
| Source of classification or shelving scheme | Dewey Decimal Classification |
| Koha item type | Books |
| Withdrawn status | Lost status | Source of classification or shelving scheme | Damaged status | Not for loan | Collection code | Home library | Current library | Date acquired | Source of acquisition | Full call number | Barcode | Date last seen | Copy number | Koha item type |
|---|---|---|---|---|---|---|---|---|---|---|---|---|---|---|
| Dewey Decimal Classification | Non-fiction | Biblioteca Pública José María del Castillo y Rada | Biblioteca Pública José María del Castillo y Rada | 04/15/2018 | Donación | 986.1 / L722g | 430003918 | 05/16/2024 | Ej.1 | Books |